<?xml version='1.0' encoding='UTF-8'?>
  <record xmlns="http://www.loc.gov/MARC21/slim">
    <leader>00000ctm a22000007a 4500</leader>
    <controlfield tag="001">ocn965428970</controlfield>
    <controlfield tag="003">OCoLC</controlfield>
    <controlfield tag="005">20250325235215.7</controlfield>
    <controlfield tag="008">150219q14001500xx            000 0 lat d</controlfield>
    <datafield tag="040" ind1=" " ind2=" ">
      <subfield code="a">QGJ</subfield>
      <subfield code="b">dut</subfield>
      <subfield code="c">QGJ</subfield>
    </datafield>
    <datafield tag="035" ind1=" " ind2=" ">
      <subfield code="a">(OCoLC)965428970</subfield>
    </datafield>
    <datafield tag="245" ind1="0" ind2="0">
      <subfield code="a">Breviarium.</subfield>
      <subfield code="f">UBU Hs. 404 (Hs 3 K 1).</subfield>
    </datafield>
    <datafield tag="260" ind1=" " ind2=" ">
      <subfield code="a">[S.l.],</subfield>
      <subfield code="c">[1400-1500]</subfield>
    </datafield>
    <datafield tag="300" ind1=" " ind2=" ">
      <subfield code="a">280 fol.</subfield>
      <subfield code="c">.. cm</subfield>
    </datafield>
    <datafield tag="336" ind1=" " ind2=" ">
      <subfield code="a">text</subfield>
      <subfield code="b">txt</subfield>
      <subfield code="2">rdacontent</subfield>
    </datafield>
    <datafield tag="337" ind1=" " ind2=" ">
      <subfield code="a">unmediated</subfield>
      <subfield code="b">n</subfield>
      <subfield code="2">rdamedia</subfield>
    </datafield>
    <datafield tag="338" ind1=" " ind2=" ">
      <subfield code="a">volume</subfield>
      <subfield code="b">nc</subfield>
      <subfield code="2">rdacarrier</subfield>
    </datafield>
    <datafield tag="340" ind1=" " ind2=" ">
      <subfield code="a">perkament</subfield>
      <subfield code="k">2 kolommen, 30 regels, littera textualis.</subfield>
    </datafield>
    <datafield tag="500" ind1=" " ind2=" ">
      <subfield code="a">Retro-invoer Handschriften UB Utrecht.</subfield>
    </datafield>
    <datafield tag="524" ind1=" " ind2=" ">
      <subfield code="a">Te citeren als: Universiteitsbibliotheek Utrecht Hs. 404 (Hs 3 K 1).</subfield>
    </datafield>
    <datafield tag="581" ind1=" " ind2=" ">
      <subfield code="a">P.A. Tiele, Catalogus codicum manu scriptorum Bibliothecae Universitatis Rheno-Trajectinae. I. Trajecti ad Rhenum / Hagae Comitis 1887. P. 138.</subfield>
    </datafield>
    <datafield tag="581" ind1=" " ind2=" ">
      <subfield code="a">A. Hulshof, Catalogus codicum manu scriptorum Bibliothecae Universitatis Rheno-Traiectinae. II. Traiecti ad Rhenum 1909. P. 64.</subfield>
    </datafield>
    <datafield tag="581" ind1=" " ind2=" ">
      <subfield code="a">H. Hofmann-Brandt, Die Tropen zu den Responsorien des Officiums. 2 Tle. Dissertatie Friedrich-Alexander-Universität, Erlangen-Nürnberg. Erlangen 1971/ P. 187.</subfield>
    </datafield>
    <datafield tag="581" ind1=" " ind2=" ">
      <subfield code="a">F. Gorissen, Das Stundenbuch der Katharina von Kleve. Analyse und Kommentar. Berlin 1973. P. 51-55, 59, 61, 63.</subfield>
    </datafield>
    <datafield tag="581" ind1=" " ind2=" ">
      <subfield code="a">P. Geraets, Beschrijving van het Breviarium U.B. 404 (3.K.1) uit de Utrechtse Universiteitsbibliotheek. M.m.v. G. Gerritsen. Scriptie U.U., Muziekwetenschap 1986.</subfield>
    </datafield>
    <datafield tag="581" ind1=" " ind2=" ">
      <subfield code="a">M. J. Bloxam, A survey of late medieval service books from the Low Countries. Implications for sacred polyphony, 1460-1520. Ann Arbor 1987. P. 96.</subfield>
    </datafield>
    <datafield tag="581" ind1=" " ind2=" ">
      <subfield code="a">I. de Loos, 'Plange quasi virgo. An Archaeological study of the Utrecht responsory tradition', in: The Di Martinelli Music Collection. Musical Life in Collegiate Churches in the Low Countries and Europe. Chant and Polyphony. Colloquium Proceedings 1997-1998. Eds. B. Bouckaert &amp; E. Schreurs. Leuven 2000, p. 169-191. (= Yearbook of the Alamire Foundation 4).</subfield>
    </datafield>
    <datafield tag="581" ind1=" " ind2=" ">
      <subfield code="a">G. Gerritsen-Geywitz, 'Die Chorbücher des Utrechter Marienkapitels aus kodikologischer sicht', in: Tijdschrift van de Koninklijke Vereniging voor Nederlandse Muziekgeschiedenis 53 (2003) 1-2, p. 277- 312. P. 277, passim.</subfield>
    </datafield>
    <datafield tag="581" ind1=" " ind2=" ">
      <subfield code="a">I. de Loos, 'Attributions and re-attributions. Origin and function of liturgical manuscripts from the Low Countries', in: Manuscript studies in the Low Countries. Proceedings of the "Groninger Codicologendagen" in Friesland, 2002. Ed. By A.M.W. As-Vijvers, J.M.M. Hermans &amp; G.C. Huisman. Groningen/Leeuwarden 2008, p. 283-306 (= Boekhistorische reeks 3). P. p. 286-287, 289, afb. op p. 287 ( fol.199r.), afb. op p. 288 (fol. 244v.).</subfield>
    </datafield>
    <datafield tag="530" ind1=" " ind2=" ">
      <subfield code="a">Also available in online version.</subfield>
    </datafield>
    <datafield tag="655" ind1=" " ind2="7">
      <subfield code="a">Handschriften (vorm)</subfield>
      <subfield code="0">088143309</subfield>
      <subfield code="2">gtt</subfield>
    </datafield>
    <datafield tag="710" ind1="2" ind2=" ">
      <subfield code="a">Kapittel van Ste Marie (Utrecht)</subfield>
      <subfield code="e">former owner.</subfield>
      <subfield code="4">fmo</subfield>
      <subfield code="5">NL-UtRU</subfield>
    </datafield>
    <datafield tag="776" ind1="0" ind2="8">
      <subfield code="i">Online version:</subfield>
      <subfield code="t">Breviarium.</subfield>
      <subfield code="d">[S.l.], [1400-1500]</subfield>
    </datafield>
    <datafield tag="856" ind1="4" ind2="1">
      <subfield code="u">http://objects.library.uu.nl/reader/resolver.php?obj=002651968&amp;type=2</subfield>
      <subfield code="x">Online</subfield>
      <subfield code="z">Full Text</subfield>
    </datafield>
    <datafield tag="936" ind1=" " ind2=" ">
      <subfield code="a">BATCHLOAD</subfield>
    </datafield>
  </record>